Statystyki dla 10 stanów USA z największą liczbą imigrantów

Kliknij tutaj aby rozwiązać quiz!

Ogólne statystyki

  • Ten quiz został rozwiązany 69 razy
  • Średni wynik to 6 z 10

Statystyki odpowiedzi

%Stan% Poprawnych
26,7Kalifornia
90%
22,4Nowy Jork
89%
17,1Teksas
84%
21,1Floryda
79%
14,9Waszyngton
60%
19,8Nevada
48%
23,4New Jersey
42%
19,3Hawaje
34%
17,3Massachusetts
23%
15,4Maryland
16%

Rozkład punktacji

Percentyl według liczby udzielonych odpowiedzi

Procent ludzi z każdym wynikiem

Twoja historia wyników

Nie rozwiązałeś tego quizu